| 000 | 00475nam a22001817a 4500 | ||
|---|---|---|---|
| 005 | 20231016094759.0 | ||
| 008 | 230925b |||||||| |||| 00| 0 eng d | ||
| 020 | _a9781593272821 | ||
| 082 |
_a005.133 _bHAV-E |
||
| 100 | _aHaverbeke,Marijn | ||
| 245 |
_aEloquent JavaScript : _bA Modern Introduction to Programming |
||
| 250 | _a3rd ed. | ||
| 300 | _a435 | ||
| 500 | _aInclude Index | ||
| 650 | _aLanguage/Computer | ||
| 700 | _aMarjin Haverbeke | ||
| 942 |
_iBook _6BOOK |
||
| 999 |
_c33694 _d33694 |
||